000 00463nam a2200157Ia 4500
008 210716s2007 xx 000 0 und d
020 _a9788120331556
041 _aeng
082 _a004.6503 TULM
100 _aTulloch, Mitch;Tulloch, Ingrid.
245 _aMicrosoft: encyclopedia of networking.
_bEncyclopedia of networking.
250 _a2
260 _aNew Delhi
_bPrentice Hall of India PVt Ltd
_c2007
300 _alvi,1313
650 _aComputer Networks
999 _c189408
_d189408